Welcome to the Holygrace Academy Library

Please use search bar below to get started

HARDY BOYS ADVENTUIRES - THE MADMAN OF BLACK BEAR MOUNTAIN (Record no. 7826)

MARC details
000 -LEADER
fixed length control field 00667nam a22001457a 4500
020 ## - INTERNATIONAL STANDARD BOOK NUMBER
ISBN 978-1-4814-3880-3
082 ## - DEWEY DECIMAL CLASSIFICATION NUMBER
Classification number 823
Item number DIX/H
100 ## - MAIN ENTRY--AUTHOR NAME
Personal name DIXON, FRANKLIN W
245 ## - TITLE STATEMENT
Title HARDY BOYS ADVENTUIRES - THE MADMAN OF BLACK BEAR MOUNTAIN
260 ## - PUBLICATION, DISTRIBUTION, ETC. (IMPRINT)
Place of publication NEW YORK
Name of publisher ALADDIN PAPERBACKS
Year of publication 2016
300 ## - PHYSICAL DESCRIPTION
Number of Pages 122
520 ## - SUMMARY, ETC.
Summary, etc Not only does Black Bear Mountain live up to its name—the fierce furry animals are everywhere—but rumor has it that a madman lurks in the forest, and the crazy dude has a penchant for feasting on human flesh. The Hardys scoff at the urban legend, but the rest of their class isn't so convinced.
650 ## - SUBJECT ADDED ENTRY--TOPICAL TERM
Topical Term MYSTERY
Geographic subdivision UNITED STATES
942 ## - ADDED ENTRY ELEMENTS (KOHA)
Koha item type Books
Holdings
Withdrawn status Lost status Collection code Home library Current library Shelving location Date acquired Source of acquisition Cost, normal purchase price Full call number Accession Number Koha item type
    Fiction Main Library Main Library NEW SHELF WITH NEW ENTRY 20/11/2023 purchase 250.00 823 DIX/H 13411 Books